Normal view
MARC view
- MICROWAVE CIRCUITS-PRINCIPLES
Entry Topical Term
001 - CONTROL NUMBER
- control field: 73684
003 - CONTROL NUMBER IDENTIFIER
- control field: NUST
005 - DATE AND TIME OF LATEST TRANSACTION
- control field: 20210628205045.0
008 - FIXED-LENGTH DATA ELEMENTS
- fixed length control field: 210628|| aca||aabn | a|a d
040 ## - CATALOGING SOURCE
- Original cataloging agency: NUST
- Transcribing agency: NUST
150 ## - HEADING--TOPICAL TERM
- Topical term or geographic name entry element: MICROWAVE CIRCUITS-PRINCIPLES
670 ## - SOURCE DATA FOUND
- Source citation: Work cat.: (NUST): PURCELL, E. M:MONTGOMERY, C. G:DICKE, R. H 73683, PRINCIPLES OF MICROWAVE CIRCUITS, 1948
